[Event "DVM U12 2020"]
[Site "Magdeburg GER"]
[Date "2021.08.05"]
[Round "1"]
[White "von Knorre, Christoph"]
[Black "Espig, Nils"]
[Result "0-1"]
[Termination "normal"]
[Board "1.3"]
[WhiteElo "1101"]
[BlackElo "1601"]
[WhiteClock "00:43:03"]
[BlackClock "00:35:57"]
[WhiteTeam "VSG 1880 Offenbach"]
[BlackTeam "USV TU Dresden"]
[PlyCount "86"]
[WhiteFideId "34608109"]
[BlackFideId "16236980"]
[EventCountry "GER"]
[EventRounds "7"]
[EventType "team-swiss"]
[EventDate "2021.08.04"]

1. e4 {[%emt 0:00:00]} c5 {[%emt 0:00:00]} 2. Nf3 {[%emt 0:00:00]} g6 {[%emt 0:
00:33]} 3. d4 {[%emt 0:00:00]} cxd4 {[%emt 0:00:00]} 4. Nxd4 {[%emt 0:00:09]}
Nc6 {[%emt 0:00:58]} 5. Be3 {[%emt 0:00:00]} Bg7 {[%emt 0:00:07]} 6. c4 {[%emt
0:00:19]} Nf6 {[%emt 0:01:19]} 7. Nc3 {[%emt 0:00:21]} d6 {[%emt 0:02:05]} 8.
f3 {[%emt 0:04:06]} O-O {[%emt 0:02:16]} 9. Be2 {[%emt 0:00:25]} Bd7 {[%emt 0:
11:44]} 10. O-O {[%emt 0:00:00]} Qa5 {[%emt 0:00:00]} 11. a3 {[%emt 0:00:12]}
Rfc8 {[%emt 0:01:30]} 12. Qd2 {[%emt 0:00:56]} a6 {[%emt 0:03:46]} 13. Rac1 {
[%emt 0:05:43]} Ne5 {[%emt 0:05:47]} 14. f4 {[%emt 0:02:11]} Nxc4 {[%emt 0:08:
50]} 15. Bxc4 {[%emt 0:05:47]} Rxc4 {[%emt 0:00:10]} 16. b3 {[%emt 0:00:56]}
Rcc8 {[%emt 0:04:37]} 17. a4 {[%emt 0:03:54]} Ng4 {[%emt 0:09:27]} 18. Nce2 {
[%emt 0:00:00]} Qxd2 {[%emt 0:00:00]} 19. Bxd2 {[%emt 0:00:26]} Nf6 {[%emt 0:
00:48]} 20. e5 {[%emt 0:05:11]} Ne4 {[%emt 0:08:11]} 21. Be3 {[%emt 0:00:00]}
dxe5 {[%emt 0:00:00]} 22. fxe5 {[%emt 0:02:51]} Bxe5 {[%emt 0:00:00]} 23. Rfd1
{[%emt 0:00:00]} Bg4 {[%emt 0:00:59]} 24. Nf3 {[%emt 0:01:53]} Bg7 {[%emt 0:02:
58]} 25. h3 {[%emt 0:03:27]} Be6 {[%emt 0:01:53]} 26. Ng5 {[%emt 0:01:13]} Nxg5
{[%emt 0:00:23]} 27. Bxg5 {[%emt 0:00:37]} Bxb3 {[%emt 0:01:31]} 28. Rd7 {
[%emt 0:01:28]} Rxc1+ {[%emt 0:07:14]} 29. Nxc1 {[%emt 0:00:00]} Bxa4 {[%emt 0:
00:00]} 30. Rxb7 {[%emt 0:00:00]} Bf6 {[%emt 0:00:00]} 31. Bh6 {[%emt 0:00:00]}
a5 {[%emt 0:00:00]} 32. Nd3 {[%emt 0:03:46]} Bc6 {[%emt 0:00:00]} 33. Rc7 {
[%emt 0:00:10]} Bb5 {[%emt 0:04:37]} 34. Nf4 {[%emt 0:00:00]} a4 {[%emt 0:00:
00]} 35. Nd5 {[%emt 0:02:52]} a3 {[%emt 0:00:00]} 36. Rxe7 {[%emt 0:00:26]}
Bxe7 {[%emt 0:03:55]} 37. Nxe7+ {[%emt 0:00:19]} Kh8 {[%emt 0:00:27]} 38. Be3 {
[%emt 0:07:24]} h5 {[%emt 0:00:00]} 39. Bd4+ {[%emt 0:00:00]} Kh7 {[%emt 0:00:
00]} 40. Nd5 {[%emt 0:00:00]} a2 {[%emt 0:00:00]} 41. Nf6+ {[%emt 0:00:02]} Kh6
{[%emt 0:00:00]} 42. Be3+ {[%emt 0:00:00]} g5 {[%emt 0:00:00]} 43. Ng8+ {[%emt
0:01:16]} Rxg8 {[%emt 0:00:10]} 0-1

[Event "DVM U12 2020"]
[Site "Magdeburg GER"]
[Date "2021.08.05"]
[Round "1"]
[White "Schmidt, Frederick"]
[Black "Staat, Christian"]
[Result "0-1"]
[Termination "normal"]
[Board "1.4"]
[WhiteElo "1208"]
[BlackElo "1022"]
[WhiteClock "00:27:32"]
[BlackClock "00:46:58"]
[WhiteTeam "USV TU Dresden"]
[BlackTeam "VSG 1880 Offenbach"]
[PlyCount "58"]
[WhiteFideId "34608176"]
[BlackFideId "34608141"]
[EventCountry "GER"]
[EventRounds "7"]
[EventType "team-swiss"]
[EventDate "2021.08.04"]

1. e4 {[%emt 0:00:00]} e5 {[%emt 0:00:00]} 2. Nf3 {[%emt 0:00:00]} Nc6 {[%emt
0:00:00]} 3. Bc4 {[%emt 0:00:00]} Bc5 {[%emt 0:00:12]} 4. c3 {[%emt 0:00:06]}
Nf6 {[%emt 0:02:30]} 5. d4 {[%emt 0:00:00]} exd4 {[%emt 0:00:00]} 6. cxd4 {
[%emt 0:00:00]} Bb4+ {[%emt 0:12:06]} 7. Bd2 {[%emt 0:00:00]} Nxe4 {[%emt 0:04:
40]} 8. Bxb4 {[%emt 0:00:00]} Nxb4 {[%emt 0:00:09]} 9. Qb3 {[%emt 0:04:54]} Qe7
{[%emt 0:00:00]} 10. Bxf7+ {[%emt 0:00:00]} Qxf7 {[%emt 0:03:18]} 11. Qxb4 {
[%emt 0:00:00]} d6 {[%emt 0:22:39]} 12. O-O {[%emt 0:00:00]} O-O {[%emt 0:00:
00]} 13. Nc3 {[%emt 0:00:00]} Qg6 {[%emt 0:00:00]} 14. Nxe4 {[%emt 0:05:57]}
Qxe4 {[%emt 0:00:00]} 15. Rfe1 {[%emt 0:00:00]} Qg6 {[%emt 0:01:29]} 16. Qc4+ {
[%emt 0:17:45]} Kh8 {[%emt 0:00:00]} 17. Qxc7 {[%emt 0:00:00]} Bh3 {[%emt 0:00:
00]} 18. Nh4 {[%emt 0:00:00]} Qg4 {[%emt 0:27:58]} 19. g3 {[%emt 0:00:00]} g5 {
[%emt 0:00:00]} 20. Re7 {[%emt 0:00:00]} gxh4 {[%emt 0:00:00]} 21. Rxh7+ {
[%emt 0:00:00]} Kg8 {[%emt 0:00:00]} 22. Rxh4 {[%emt 0:00:00]} Qf5 {[%emt 0:00:
09]} 23. Rf4 {[%emt 0:16:02]} Qd5 {[%emt 0:00:00]} 24. Rg4+ {[%emt 0:08:14]}
Bxg4 {[%emt 0:02:16]} 25. Rf1 {[%emt 0:00:00]} Bh3 {[%emt 0:00:40]} 26. f3 {
[%emt 0:01:34]} Qxd4+ {[%emt 0:00:00]} 27. Kh1 {[%emt 0:00:00]} Bxf1 {[%emt 0:
00:49]} 28. Qc2 {[%emt 0:00:00]} Qd3 {[%emt 0:00:00]} 29. Qxd3 {[%emt 0:01:09]}
Bxd3 {[%emt 0:00:37]} 0-1

[Event "DVM U12 2020"]
[Site "Magdeburg GER"]
[Date "2021.08.05"]
[Round "1"]
[White "Krüger, Arthur"]
[Black "Semling, Julius"]
[Result "1/2-1/2"]
[Termination "normal"]
[Board "2.1"]
[WhiteElo "1643"]
[BlackElo "1318"]
[WhiteClock "00:13:19"]
[BlackClock "00:11:38"]
[WhiteTeam "Hamburger SK von 1830 eV"]
[BlackTeam "SC Brandeck-Turm Ohlsbach e.V."]
[PlyCount "88"]
[WhiteFideId "16244966"]
[BlackFideId "16290160"]
[EventCountry "GER"]
[EventRounds "7"]
[EventType "team-swiss"]
[EventDate "2021.08.04"]

1. d4 {[%emt 0:00:29]} d5 {[%emt 0:00:00]} 2. Bf4 {[%emt 0:00:00]} c5 {[%emt 0:
00:00]} 3. e3 {[%emt 0:00:51]} cxd4 {[%emt 0:00:10]} 4. exd4 {[%emt 0:00:00]}
Nc6 {[%emt 0:00:00]} 5. c3 {[%emt 0:00:30]} Bf5 {[%emt 0:02:24]} 6. Nf3 {[%emt
0:03:42]} e6 {[%emt 0:00:39]} 7. Bd3 {[%emt 0:02:14]} Bxd3 {[%emt 0:00:29]} 8.
Qxd3 {[%emt 0:00:05]} Nf6 {[%emt 0:05:29]} 9. Nbd2 {[%emt 0:02:56]} Bd6 {[%emt
0:10:30]} 10. Bg3 {[%emt 0:01:08]} O-O {[%emt 0:11:22]} 11. Ne5 {[%emt 0:00:00]
} Bxe5 {[%emt 0:01:29]} 12. dxe5 {[%emt 0:04:52]} Nd7 {[%emt 0:00:00]} 13. Nf3
{[%emt 0:04:50]} Rc8 {[%emt 0:12:02]} 14. O-O {[%emt 0:00:46]} a6 {[%emt 0:00:
00]} 15. b4 {[%emt 0:11:37]} b5 {[%emt 0:24:25]} 16. a4 {[%emt 0:00:00]} Rb8 {
[%emt 0:00:00]} 17. Bf4 {[%emt 0:13:27]} h6 {[%emt 0:12:19]} 18. axb5 {[%emt 0:
07:44]} axb5 {[%emt 0:00:06]} 19. Ra6 {[%emt 0:01:52]} Qc7 {[%emt 0:02:43]} 20.
Rfa1 {[%emt 0:04:24]} Rfc8 {[%emt 0:05:15]} 21. Qe3 {[%emt 0:07:49]} Nf8 {
[%emt 0:07:57]} 22. h4 {[%emt 0:00:00]} Ng6 {[%emt 0:04:13]} 23. Bg3 {[%emt 0:
00:22]} Nce7 {[%emt 0:01:32]} 24. Ra7 {[%emt 0:06:47]} Qd8 25. Nd4 {[%emt 0:00:
00]} Nc6 26. Nxc6 {[%emt 0:00:21]} Rxc6 27. h5 {[%emt 0:00:30]} Ne7 28. Bh4 {
[%emt 0:00:30]} Nf5 29. Bxd8 {[%emt 0:00:30]} Nxe3 30. Bc7 {[%emt 0:00:30]} Rc8
31. fxe3 {[%emt 0:00:30]} R6xc7 32. Rxc7 {[%emt 0:00:30]} Rxc7 33. Ra8+ {[%emt
0:00:30]} Kh7 34. Rb8 {[%emt 0:00:30]} Rxc3 35. Kf2 {[%emt 0:00:30]} g6 36.
Rxb5 {[%emt 0:00:30]} gxh5 37. Rb7 {[%emt 0:00:30]} Kg6 38. b5 {[%emt 0:00:30]}
Rb3 39. b6 {[%emt 0:00:30]} Kf5 40. Rxf7+ {[%emt 0:00:30]} Kxe5 41. b7 {[%emt
0:00:30]} Ke4 42. Rf4+ {[%emt 0:00:30]} Ke5 43. Rh4 {[%emt 0:00:30]} Rxb7 44.
Rxh5+ {[%emt 0:00:30]} Ke4 1/2-1/2

[Event "DVM U12 2020"]
[Site "Magdeburg GER"]
[Date "2021.08.05"]
[Round "1"]
[White "Brandstrup, Luca Alexander"]
[Black "Baihaghi, Arash"]
[Result "1-0"]
[Termination "normal"]
[Board "2.3"]
[WhiteElo "1516"]
[BlackElo "1060"]
[WhiteClock "01:15:09"]
[BlackClock "01:18:38"]
[WhiteTeam "Hamburger SK von 1830 eV"]
[BlackTeam "SC Brandeck-Turm Ohlsbach e.V."]
[PlyCount "97"]
[WhiteFideId "16244990"]
[BlackFideId "34604979"]
[EventCountry "GER"]
[EventRounds "7"]
[EventType "team-swiss"]
[EventDate "2021.08.04"]

1. d4 {[%emt 0:15:05]} d5 2. Nf3 {[%emt 0:00:46]} Nf6 3. Bf4 {[%emt 0:00:17]}
Bf5 4. e3 {[%emt 0:02:06]} e6 {[%emt 0:00:00]} 5. Bd3 {[%emt 0:01:11]} Bg6 {
[%emt 0:00:00]} 6. O-O {[%emt 0:01:24]} Bd6 {[%emt 0:00:00]} 7. Bg3 {[%emt 0:
03:28]} O-O {[%emt 0:00:00]} 8. Nbd2 {[%emt 0:00:00]} c5 {[%emt 0:00:00]} 9.
Re1 {[%emt 0:06:04]} Ne4 {[%emt 0:00:00]} 10. Bxe4 {[%emt 0:03:45]} dxe4 {
[%emt 0:00:00]} 11. Nh4 {[%emt 0:01:09]} cxd4 {[%emt 0:00:00]} 12. Nxg6 {[%emt
0:02:05]} fxg6 {[%emt 0:00:00]} 13. Bxd6 {[%emt 0:01:00]} Qxd6 {[%emt 0:00:00]}
14. Nxe4 {[%emt 0:00:20]} Qe5 {[%emt 0:00:00]} 15. exd4 {[%emt 0:01:56]} Qf5 {
[%emt 0:00:00]} 16. f3 {[%emt 0:01:07]} Rd8 {[%emt 0:00:00]} 17. c3 {[%emt 0:
02:12]} e5 {[%emt 0:00:00]} 18. Qb3+ {[%emt 0:01:40]} Kh8 {[%emt 0:00:00]} 19.
dxe5 {[%emt 0:01:11]} Qxe5 {[%emt 0:00:00]} 20. Qxb7 {[%emt 0:01:33]} Nd7 {
[%emt 0:00:00]} 21. Ng3 {[%emt 0:00:49]} Qc5+ {[%emt 0:00:00]} 22. Kh1 {[%emt
0:02:41]} Rab8 {[%emt 0:00:33]} 23. Qe4 {[%emt 0:01:57]} Rxb2 {[%emt 0:00:35]}
24. Qe7 {[%emt 0:02:14]} Qxe7 {[%emt 0:02:11]} 25. Rxe7 {[%emt 0:00:00]} Rdb8 {
[%emt 0:01:58]} 26. Rxd7 {[%emt 0:01:53]} Rb1+ {[%emt 0:00:00]} 27. Rd1 {[%emt
0:00:00]} R1b2 {[%emt 0:00:55]} 28. a4 {[%emt 0:01:15]} h6 {[%emt 0:00:14]} 29.
Ne4 {[%emt 0:00:45]} Rc8 {[%emt 0:00:00]} 30. Rdb1 {[%emt 0:00:30]} Re2 {[%emt
0:00:18]} 31. Rc1 {[%emt 0:01:21]} Rb2 {[%emt 0:00:00]} 32. c4 {[%emt 0:00:19]}
Rd8 {[%emt 0:00:55]} 33. c5 {[%emt 0:00:24]} Rd3 {[%emt 0:00:42]} 34. c6 {
[%emt 0:00:32]} Rd8 {[%emt 0:00:00]} 35. c7 {[%emt 0:00:00]} Rc8 {[%emt 0:00:
13]} 36. Nd6 {[%emt 0:00:03]} Rxc7 {[%emt 0:02:22]} 37. Rxc7 {[%emt 0:02:02]}
a5 {[%emt 0:00:33]} 38. Rc5 {[%emt 0:00:00]} Rd2 {[%emt 0:00:23]} 39. Rxa5 {
[%emt 0:02:21]} Rxd6 {[%emt 0:00:00]} 40. Ra8+ {[%emt 0:00:00]} Kh7 {[%emt 0:
00:00]} 41. a5 {[%emt 0:00:00]} Rd2 {[%emt 0:00:00]} 42. a6 {[%emt 0:00:04]} g5
{[%emt 0:00:24]} 43. a7 {[%emt 0:00:06]} g4 {[%emt 0:00:05]} 44. Rh8+ {[%emt 0:
00:30]} Kxh8 {[%emt 0:00:38]} 45. a8=Q+ {[%emt 0:00:00]} Kh7 {[%emt 0:00:37]}
46. Qe4+ {[%emt 0:01:19]} g6 47. Qe7+ Kh8 {[%emt 0:02:14]} 48. Ra8+ {[%emt 0:
00:06]} Rd8 {[%emt 0:01:47]} 49. Rxd8# 1-0

[Event "DVM U12 2020"]
[Site "Magdeburg GER"]
[Date "2021.08.05"]
[Round "1"]
[White "Felder, Aron"]
[Black "Borgert, Alexander"]
[Result "0-1"]
[Termination "normal"]
[Board "2.4"]
[WhiteElo "1058"]
[BlackElo "1527"]
[WhiteTeam "SC Brandeck-Turm Ohlsbach e.V."]
[BlackTeam "Hamburger SK von 1830 eV"]
[PlyCount "72"]
[WhiteFideId "16242734"]
[BlackFideId "16289188"]
[EventCountry "GER"]
[EventRounds "7"]
[EventType "team-swiss"]
[EventDate "2021.08.04"]

1. e4 c5 2. Nf3 Nc6 3. Bc4 g6 4. Nc3 Bg7 5. a3 Nf6 6. d3 d6 7. h3 O-O 8. Bd2 e5
9. O-O Be6 10. Bxe6 fxe6 11. Be3 Nd4 12. Nb1 Nh5 13. Nbd2 Nf4 14. Bxd4 exd4 15.
Re1 e5 16. Nb3 Bh6 17. Rb1 Qf6 18. Nbd2 Rf7 19. Nf1 Nxh3+ 20. gxh3 Qxf3 21.
Qxf3 Rxf3 22. Ng3 Raf8 23. Rf1 Bf4 24. Kg2 Bxg3 25. fxg3 Re3 26. Rxf8+ Kxf8 27.
Kf2 Ke7 28. b4 b6 29. bxc5 dxc5 30. a4 Kd7 31. Ra1 Kc6 32. a5 b5 33. Ra3 b4 34.
Rb3 Kb5 35. c3 Ka4 36. cxd4 Kxb3 0-1

[Event "DVM U12 2020"]
[Site "Magdeburg GER"]
[Date "2021.08.05"]
[Round "1"]
[White "Nönnig, Jakob"]
[Black "Neumeier, Konstantin"]
[Result "1-0"]
[Termination "normal"]
[Board "3.2"]
[WhiteElo "1442"]
[BlackElo "1097"]
[WhiteClock "00:58:41"]
[BlackClock "00:59:25"]
[WhiteTeam "Schachzwerge Magdeburg"]
[BlackTeam "SK Kelheim 1920"]
[PlyCount "33"]
[WhiteFideId "16289447"]
[BlackFideId "34608230"]
[EventCountry "GER"]
[EventRounds "7"]
[EventType "team-swiss"]
[EventDate "2021.08.04"]

1. e4 {[%emt 0:00:00]} e5 {[%emt 0:00:09]} 2. Nf3 {[%emt 0:00:10]} Nc6 {[%emt
0:00:19]} 3. Bc4 {[%emt 0:00:12]} Nf6 {[%emt 0:00:23]} 4. Ng5 {[%emt 0:02:42]}
d5 {[%emt 0:00:07]} 5. exd5 {[%emt 0:00:09]} Na5 {[%emt 0:45:46]} 6. Bb5+ {
[%emt 0:00:00]} c6 {[%emt 0:00:00]} 7. dxc6 {[%emt 0:00:00]} bxc6 {[%emt 0:00:
00]} 8. Qf3 {[%emt 0:00:00]} Rb8 {[%emt 0:00:04]} 9. Bxc6+ {[%emt 0:00:00]}
Nxc6 {[%emt 0:00:00]} 10. Qxc6+ {[%emt 0:00:00]} Nd7 {[%emt 0:00:00]} 11. d3 {
[%emt 0:00:00]} Rb6 {[%emt 0:00:05]} 12. Qc4 {[%emt 0:00:00]} Rf6 {[%emt 0:00:
00]} 13. Ne4 {[%emt 0:00:00]} Rg6 {[%emt 0:00:00]} 14. Bg5 {[%emt 0:03:19]} f6
{[%emt 0:12:08]} 15. Qe6+ {[%emt 0:08:38]} Be7 {[%emt 0:04:11]} 16. Nd6+ {
[%emt 0:00:00]} Kf8 {[%emt 0:00:39]} 17. Qf7# {[%emt 0:00:12]} 1-0

[Event "DVM U12 2020"]
[Site "Magdeburg GER"]
[Date "2021.08.05"]
[Round "1"]
[White "Conrad, Marius"]
[Black "Sitnik, Arthur"]
[Result "0-1"]
[Termination "normal"]
[Board "3.4"]
[WhiteElo "1498"]
[BlackElo "1051"]
[WhiteClock "01:01:39"]
[BlackClock "00:42:26"]
[WhiteTeam "Schachzwerge Magdeburg"]
[BlackTeam "SK Kelheim 1920"]
[PlyCount "114"]
[WhiteFideId "16299078"]
[BlackFideId "34608150"]
[EventCountry "GER"]
[EventRounds "7"]
[EventType "team-swiss"]
[EventDate "2021.08.04"]

1. e4 {[%emt 0:00:26]} e5 {[%emt 0:00:00]} 2. Nf3 {[%emt 0:00:00]} Nc6 {[%emt
0:00:00]} 3. Bc4 {[%emt 0:00:00]} Bc5 {[%emt 0:00:00]} 4. c3 {[%emt 0:00:07]}
Nf6 {[%emt 0:00:00]} 5. O-O {[%emt 0:01:57]} h6 {[%emt 0:03:19]} 6. a4 {[%emt
0:00:00]} a5 {[%emt 0:00:00]} 7. Re1 {[%emt 0:00:36]} O-O {[%emt 0:01:16]} 8.
d4 {[%emt 0:00:19]} exd4 {[%emt 0:00:17]} 9. cxd4 {[%emt 0:00:31]} Bb4 {[%emt
0:01:03]} 10. Bd2 {[%emt 0:00:38]} Bxd2 {[%emt 0:00:18]} 11. Nbxd2 {[%emt 0:00:
07]} d6 {[%emt 0:01:09]} 12. h3 {[%emt 0:00:26]} Bd7 {[%emt 0:00:42]} 13. Qb3 {
[%emt 0:01:07]} Nb4 {[%emt 0:01:47]} 14. Nf1 {[%emt 0:02:29]} Qc8 {[%emt 0:06:
43]} 15. Ng3 {[%emt 0:00:00]} c6 {[%emt 0:00:37]} 16. e5 {[%emt 0:01:31]} Nh7 {
[%emt 0:01:41]} 17. exd6 {[%emt 0:01:41]} b5 {[%emt 0:02:28]} 18. axb5 {[%emt
0:05:57]} cxb5 {[%emt 0:00:00]} 19. Bd5 {[%emt 0:00:00]} Be6 {[%emt 0:01:01]}
20. Bxe6 {[%emt 0:03:17]} fxe6 {[%emt 0:00:00]} 21. Rxe6 {[%emt 0:00:00]} a4 {
[%emt 0:02:21]} 22. Re8+ {[%emt 0:07:43]} axb3 {[%emt 0:00:00]} 23. Rxc8 Raxc8
24. Ne4 {[%emt 0:01:37]} Nd3 {[%emt 0:00:00]} 25. Ra3 {[%emt 0:00:00]} Nc1 {
[%emt 0:10:40]} 26. Nc5 {[%emt 0:00:00]} Ra8 {[%emt 0:00:00]} 27. Na6 {[%emt 0:
00:49]} Rfd8 {[%emt 0:02:35]} 28. Ra1 {[%emt 0:03:22]} Rxd6 {[%emt 0:00:40]}
29. Rxc1 {[%emt 0:00:19]} Rdxa6 {[%emt 0:00:22]} 30. Rc3 {[%emt 0:00:25]} Ra1+
{[%emt 0:01:37]} 31. Kh2 {[%emt 0:00:16]} Rb1 {[%emt 0:00:59]} 32. Rxb3 {[%emt
0:00:16]} Ra2 {[%emt 0:00:43]} 33. Rxb5 {[%emt 0:02:23]} Rbxb2 {[%emt 0:00:05]}
34. Rc5 {[%emt 0:03:37]} Rxf2 35. Rc8+ {[%emt 0:00:00]} Nf8 {[%emt 0:00:00]}
36. Nh4 {[%emt 0:00:53]} g5 {[%emt 0:00:00]} 37. Ng6 {[%emt 0:00:00]} Rxg2+ {
[%emt 0:00:00]} 38. Kh1 Rgf2 {[%emt 0:00:00]} 39. Kg1 {[%emt 0:00:00]} Kg7 {
[%emt 0:00:00]} 40. Ne5 Rfd2 {[%emt 0:00:00]} 41. Rc7+ {[%emt 0:00:00]} Kg8 {
[%emt 0:00:00]} 42. Rc1 Rxd4 {[%emt 0:00:00]} 43. Ng4 {[%emt 0:00:00]} Rf4 {
[%emt 0:00:00]} 44. Nxh6+ {[%emt 0:00:00]} Kg7 {[%emt 0:00:00]} 45. Ng4 {[%emt
0:00:00]} Rf3 {[%emt 0:00:00]} 46. Rc7+ {[%emt 0:00:00]} Kh8 {[%emt 0:00:00]}
47. Rc8 {[%emt 0:00:00]} Rg3+ {[%emt 0:00:00]} 48. Kf1 {[%emt 0:00:00]} Rf3+ {
[%emt 0:00:00]} 49. Kg1 {[%emt 0:00:00]} Kg7 {[%emt 0:00:00]} 50. Rc7+ {[%emt
0:00:00]} Rf7 {[%emt 0:00:00]} 51. Rc5 {[%emt 0:00:00]} Ne6 {[%emt 0:00:00]}
52. Re5 {[%emt 0:00:00]} Rb7 {[%emt 0:00:00]} 53. Re1 {[%emt 0:00:00]} Nf4 {
[%emt 0:00:00]} 54. Nf2 {[%emt 0:00:00]} Rbb2 {[%emt 0:00:00]} 55. Nh1 {[%emt
0:00:00]} Nxh3+ {[%emt 0:00:00]} 56. Kf1 {[%emt 0:00:00]} Rf2+ {[%emt 0:00:00]}
57. Nxf2 {[%emt 0:00:00]} Re2 {[%emt 0:50:34] Kg1 [%clk 01:01:39] Ra2+ [%clk
00:42:26] [%emt 00:00:04] Kf1 Rxf2#} 0-1

[Event "DVM U12 2020"]
[Site "Magdeburg GER"]
[Date "2021.08.05"]
[Round "1"]
[White "Haubold, Sebastian Marcel"]
[Black "Herrmann, Jakob"]
[Result "1-0"]
[Termination "normal"]
[Board "4.1"]
[WhiteElo "1813"]
[BlackElo "1531"]
[WhiteTeam "SG Einheit Staßfurt"]
[BlackTeam "SAV Torgelow-Drögeheide 90"]
[PlyCount "91"]
[WhiteFideId "16259637"]
[BlackFideId "16287169"]
[EventCountry "GER"]
[EventRounds "7"]
[EventType "team-swiss"]
[EventDate "2021.08.04"]

1. e4 {[%emt 0:40:37]} c5 {[%emt 0:00:17]} 2. Nf3 {[%emt 0:00:22]} d6 3. d4
cxd4 {[%emt 0:00:20]} 4. Nxd4 Nf6 {[%emt 0:00:09]} 5. Nc3 {[%emt 0:00:42]} g6
6. Be3 {[%emt 0:00:32]} Bg7 {[%emt 0:00:08]} 7. f3 {[%emt 0:00:24]} O-O {[%emt
0:00:26]} 8. Bc4 {[%emt 0:00:23]} Nc6 {[%emt 0:00:46]} 9. Qd2 {[%emt 0:00:30]}
Bd7 {[%emt 0:00:24]} 10. O-O-O {[%emt 0:02:30]} Rc8 11. Bb3 Ne5 {[%emt 0:03:38]
} 12. g4 {[%emt 0:00:19]} Nc4 {[%emt 0:03:00]} 13. Bxc4 {[%emt 0:00:10]} Rxc4 {
[%emt 0:00:12]} 14. Kb1 {[%emt 0:02:43]} b5 {[%emt 0:10:56]} 15. Ndxb5 {[%emt
0:08:17]} Qa5 {[%emt 0:01:07]} 16. Nd4 {[%emt 0:00:33]} Rb8 {[%emt 0:00:53]}
17. Nb3 {[%emt 0:00:03]} Qc7 {[%emt 0:01:36]} 18. e5 {[%emt 0:04:29]} Ne8 {
[%emt 0:11:57]} 19. Nd5 Qd8 {[%emt 0:07:39]} 20. Bg5 {[%emt 0:07:23]} Bf8 {
[%emt 0:00:09]} 21. exd6 {[%emt 0:00:48]} Nxd6 {[%emt 0:02:32]} 22. Nxe7+ {
[%emt 0:00:10]} Bxe7 {[%emt 0:00:22]} 23. Bxe7 Qxe7 24. Qxd6 {[%emt 0:00:05]}
Qxd6 {[%emt 0:07:14]} 25. Rxd6 Be6 26. Rhd1 Rf4 27. Rd8+ {[%emt 0:00:40]} Rxd8
{[%emt 0:00:20]} 28. Rxd8+ Kg7 29. Rd3 {[%emt 0:00:25]} Bc4 {[%emt 0:00:12]}
30. Rd4 {[%emt 0:00:25]} Rxd4 {[%emt 0:01:07]} 31. Nxd4 {[%emt 0:00:12]} Kf6 {
[%emt 0:01:01]} 32. b3 {[%emt 0:01:07]} Bd5 {[%emt 0:00:46]} 33. Kc1 {[%emt 0:
00:35]} Ke5 {[%emt 0:00:12]} 34. c3 {[%emt 0:00:35]} a6 {[%emt 0:01:58]} 35.
Kd2 f5 {[%emt 0:01:49]} 36. gxf5 {[%emt 0:00:19]} gxf5 {[%emt 0:00:38]} 37. Ke3
{[%emt 0:00:03]} f4+ {[%emt 0:00:05]} 38. Kd3 {[%emt 0:00:03]} Bb7 {[%emt 0:01:
43]} 39. c4 {[%emt 0:00:12]} Kd6 {[%emt 0:00:58]} 40. b4 {[%emt 0:00:16]} Ke5 {
[%emt 0:01:51]} 41. a4 {[%emt 0:00:42]} Kd6 {[%emt 0:00:36]} 42. c5+ {[%emt 0:
02:22]} Kd5 43. c6 Bc8 44. b5 axb5 45. axb5 Kc5 {[%emt 0:00:22]} 46. Ke4 {
[%emt 0:00:39]} 1-0

[Event "DVM U12 2020"]
[Site "Magdeburg GER"]
[Date "2021.08.05"]
[Round "1"]
[White "Drechsler, Andor"]
[Black "Haubold, Christian Lucas"]
[Result "0-1"]
[Termination "normal"]
[Board "4.2"]
[WhiteElo "1256"]
[BlackElo "1649"]
[WhiteClock "01:02:24"]
[BlackClock "00:53:38"]
[WhiteTeam "SAV Torgelow-Drögeheide 90"]
[BlackTeam "SG Einheit Staßfurt"]
[PlyCount "38"]
[WhiteFideId "16266900"]
[BlackFideId "16259629"]
[EventCountry "GER"]
[EventRounds "7"]
[EventType "team-swiss"]
[EventDate "2021.08.04"]

1. e4 {[%emt 0:00:00]} e5 {[%emt 0:00:00]} 2. Nf3 {[%emt 0:00:17]} Nc6 {[%emt
0:00:05]} 3. Bc4 {[%emt 0:00:26]} Bc5 {[%emt 0:02:50]} 4. O-O {[%emt 0:00:00]}
Nf6 {[%emt 0:00:00]} 5. d3 {[%emt 0:00:00]} d6 {[%emt 0:00:48]} 6. c3 {[%emt 0:
00:41]} Bg4 {[%emt 0:02:41]} 7. h3 {[%emt 0:01:04]} Bh5 {[%emt 0:01:15]} 8.
Nbd2 {[%emt 0:01:37]} h6 {[%emt 0:02:39]} 9. b4 {[%emt 0:08:26]} Bb6 {[%emt 0:
00:53]} 10. a4 {[%emt 0:02:38]} a5 {[%emt 0:01:18]} 11. b5 {[%emt 0:02:01]} Ne7
{[%emt 0:03:12]} 12. Nb3 {[%emt 0:01:58]} g5 {[%emt 0:07:52]} 13. d4 {[%emt 0:
00:00]} Nxe4 {[%emt 0:01:02]} 14. Qd3 {[%emt 0:00:28]} Bg6 {[%emt 0:07:34]} 15.
Re1 {[%emt 0:08:02]} Nxf2 {[%emt 0:08:52]} 16. Qe2 {[%emt 0:00:39]} Ne4 {[%emt
0:01:01]} 17. Bb2 {[%emt 0:04:37]} d5 {[%emt 0:04:47]} 18. Bd3 {[%emt 0:01:22]}
f6 {[%emt 0:02:00]} 19. Kh1 {[%emt 0:00:00]} Ng3+ {[%emt 0:00:43]} 0-1

[Event "DVM U12 2020"]
[Site "Magdeburg GER"]
[Date "2021.08.05"]
[Round "1"]
[White "Schambier, Leon Elias"]
[Black "Briese, Paul"]
[Result "1-0"]
[Termination "normal"]
[Board "4.3"]
[WhiteElo "1178"]
[BlackElo "1113"]
[WhiteClock "01:30:56"]
[BlackClock "01:30:53"]
[WhiteTeam "SG Einheit Staßfurt"]
[BlackTeam "SAV Torgelow-Drögeheide 90"]
[PlyCount "53"]
[WhiteFideId "34608184"]
[BlackFideId "16273826"]
[EventCountry "GER"]
[EventRounds "7"]
[EventType "team-swiss"]
[EventDate "2021.08.04"]

1. e4 c6 2. d4 {[%emt 0:00:00]} d5 {[%emt 0:00:00]} 3. exd5 {[%emt 0:00:00]}
cxd5 {[%emt 0:00:00]} 4. Nc3 {[%emt 0:00:00]} Nf6 {[%emt 0:00:00]} 5. Nf3 {
[%emt 0:00:00]} Bf5 {[%emt 0:00:00]} 6. Bf4 {[%emt 0:00:00]} e6 {[%emt 0:00:00]
} 7. Bb5+ {[%emt 0:00:00]} Nc6 {[%emt 0:00:00]} 8. O-O {[%emt 0:00:00]} a6 {
[%emt 0:00:00]} 9. Ba4 {[%emt 0:00:00]} b5 {[%emt 0:00:00]} 10. Nxb5 {[%emt 0:
00:00]} axb5 {[%emt 0:00:00]} 11. Bxb5 {[%emt 0:00:00]} Qb6 {[%emt 0:00:00]}
12. a4 {[%emt 0:00:00]} Be7 {[%emt 0:00:00]} 13. Ne5 {[%emt 0:00:00]} Rc8 {
[%emt 0:00:00]} 14. Qe2 {[%emt 0:00:00]} Qxd4 {[%emt 0:00:00]} 15. Bxc6+ {
[%emt 0:00:00]} Rxc6 {[%emt 0:00:00]} 16. Nxc6 {[%emt 0:00:00]} Qxf4 {[%emt 0:
00:00]} 17. Ne5 {[%emt 0:00:00]} O-O {[%emt 0:00:00]} 18. a5 {[%emt 0:00:00]}
Qe4 {[%emt 0:00:00]} 19. Qxe4 {[%emt 0:00:00]} Bxe4 {[%emt 0:00:00]} 20. a6 {
[%emt 0:00:00]} Ra8 {[%emt 0:00:00]} 21. c4 {[%emt 0:00:00]} Bd6 {[%emt 0:00:
00]} 22. Nc6 {[%emt 0:00:00]} Bd3 {[%emt 0:00:00]} 23. Rfc1 {[%emt 0:00:00]}
Bxc4 {[%emt 0:00:00]} 24. a7 {[%emt 0:00:00]} Bc5 {[%emt 0:00:00]} 25. b3 {
[%emt 0:00:00]} Bxa7 {[%emt 0:00:00]} 26. bxc4 {[%emt 0:00:00]} dxc4 {[%emt 0:
00:00]} 27. Rxa7 {[%emt 0:00:00]} 1-0